| 000 | 00446nam a22001697a 4500 | ||
|---|---|---|---|
| 005 | 20220919135610.0 | ||
| 008 | 150811b sp ||||| |||| 00| 0 spa d | ||
| 050 | 0 | 4 |
_aBT301 _bP37 1932 |
| 100 | 1 | _aPapini, Giovanni | |
| 245 | 1 | 0 |
_aHistoria de cristo / _cGiovanni Papini. |
| 250 | _a6a ed. | ||
| 260 |
_aMadrid : _bFax, _c1932 |
||
| 300 |
_a494 p. ; _c23 cm. |
||
| 504 | _aIncluye índice | ||
| 650 | 4 |
_aJesucristo _xHistoria |
|
| 942 |
_2lcc _cLIB |
||
| 999 |
_c164259 _d164257 |
||